000 01020nam a2200241Ia 4500
001 807.3-NEM ir ba (22932)
003 IT-MiSPE
008 171229s9999||||xx |||||||||||||| ||und||
040 _aIT-MiSPE
_cIT-MiSPE
041 _aITALIANO
100 _aIrène Némirovsky
240 _aLe bal
245 0 _aIl ballo
250 _a1a ed. (v)
260 _aMilano
_bAdelphi
_c2005
300 _a84 p.
_c18 cm
490 _aPiccola Biblioteca Adelphi
_v527
501 _aEdizioni San Paolo srl - Piazza Soncino, 5 - 20092 CINISELLO BALSAMO (MI) (non commercial uses only) ® Copyright 2018
700 _aMargherita Belardetti
_g(traduzione)
942 _cBK
957 _71
999 _a20767
_bNO
_g Copie: 1
_c352473
_d352473